[Event "Santiago Endesa Interempresas tt-A"]
[Site "Santiago de Chile"]
[Date "2009.08.11"]
[Round "4"]
[White "Pinto Pinares, Marcelo"]
[Black "Valenzuela Fuentealba, Luis"]
[Result "0-1"]
[WhiteElo "2214"]
[BlackElo "2477"]
[PlyCount "56"]
[EventDate "2009.07.21"]
[EventType "team"]
[EventRounds "13"]
[EventCountry "CHI"]
[SourceTitle "EXT 2012"]
[Source "ChessBase"]
[SourceDate "2011.11.24"]
[SourceVersion "1"]
[SourceVersionDate "2011.11.24"]
[SourceQuality "1"]

1. e4 c5 2. Nf3 d6 3. d4 cxd4 4. Nxd4 Nf6 5. Nc3 a6 6. Bg5 e6 7. f4 Be7 8. Qf3 Qc7 9. 0-0-0 h6 10. Bh4 Nbd7 11. Be2 b5 12. e5 Bb7 13. Nxe6 fxe6 14. Qd3 dxe5 15. Qg6+ Kf8 16. Rxd7 Qxd7 17. fxe5 Qe8 18. Qd3 Nd5 19. Rf1+ Kg8 20. Nxd5 Bxd5 21. Bf6 Bf8 22. Qh3 h5 23. Rf4 Rh6 24. Bg5 Qg6 25. Qe3 Bc5 26. Qd2 Rh8 27. Bd3 Qe8 28. Rf1 Bc4 0-1

[Event "Santiago Endesa 01"]
[Site "Santiago de Chile"]
[Date "2009.04.01"]
[Round "6"]
[White "Diaz Villagran, Robert"]
[Black "Pinto Pinares, Marcelo"]
[Result "1/2-1/2"]
[WhiteElo "2329"]
[BlackElo "2200"]
[PlyCount "44"]
[EventDate "2009.03.16"]
[EventType "tourn"]
[EventRounds "11"]
[EventCountry "CHI"]
[SourceTitle "EXT 2012"]
[Source "ChessBase"]
[SourceDate "2011.11.24"]
[SourceVersion "1"]
[SourceVersionDate "2011.11.24"]
[SourceQuality "1"]

1. e4 e5 2. c3 d5 3. exd5 Qxd5 4. d4 g6 5. Nf3 Bg7 6. Be2 exd4 7. cxd4 Nh6 8. Nc3 Qd8 9. Bf4 0-0 10. Be5 Bxe5 11. dxe5 Qxd1+ 12. Rxd1 Nc6 13. h3 Nf5 14. Nd5 Rb8 15. g4 Ng7 16. Bb5 Kh8 17. b3 Bd7 18. Ne7 Nxe5 19. Bxd7 Nxf3+ 20. Ke2 Nh4 21. Rd4 g5 22. Rc1 Rbd8 1/2-1/2

[Event "Santiago Endesa 01"]
[Site "Santiago de Chile"]
[Date "2009.03.25"]
[Round "4"]
[White "Vargas Maliqueo, Ivan Patricio"]
[Black "Pinto Pinares, Marcelo"]
[Result "1-0"]
[WhiteElo "2222"]
[BlackElo "2200"]
[PlyCount "69"]
[EventDate "2009.03.16"]
[EventType "tourn"]
[EventRounds "11"]
[EventCountry "CHI"]
[SourceTitle "EXT 2012"]
[Source "ChessBase"]
[SourceDate "2011.11.24"]
[SourceVersion "1"]
[SourceVersionDate "2011.11.24"]
[SourceQuality "1"]

1. d4 Nf6 2. c4 g6 3. Nc3 Bg7 4. Bg5 h6 5. Bh4 d6 6. e4 c5 7. d5 Qa5 8. Qd2 g5 9. Bg3 Nh5 10. Bd3 Nxg3 11. hxg3 Nd7 12. f4 Nf6 13. e5 Ng4 14. 0-0-0 dxe5 15. fxg5 Bd7 16. Rf1 e4 17. Bxe4 Bd4 18. Re1 0-0-0 19. Nf3 Bf2 20. Re2 Bxg3 21. gxh6 Qc7 22. Kb1 Qd6 23. h7 f5 24. Bc2 Qf6 25. Qg5 Bd6 26. Qxf6 exf6 27. Rh5 a6 28. Nh4 Ne5 29. Nxf5 Bxf5 30. Bxf5+ Kc7 31. b3 Nd7 32. Be6 Be5 33. Ne4 Bd4 34. Bg8 b5 35. Kc2 1-0

[Event "Santiago Endesa 13"]
[Site "Santiago de Chile"]
[Date "2008.09.15"]
[Round "9"]
[White "Pinto Pinares, Marcelo"]
[Black "Caceres Vasquez, Sergio"]
[Result "1/2-1/2"]
[WhiteElo "2202"]
[BlackElo "2159"]
[PlyCount "46"]
[EventDate "2008.08.18"]
[EventType "tourn"]
[EventRounds "9"]
[EventCountry "CHI"]
[SourceTitle "EXT 2012"]
[Source "ChessBase"]
[SourceDate "2011.11.24"]
[SourceVersion "1"]
[SourceVersionDate "2011.11.24"]
[SourceQuality "1"]

1. d4 Nf6 2. c4 e6 3. Nf3 d5 4. g3 Be7 5. Bg2 0-0 6. 0-0 dxc4 7. Qc2 a6 8. Qxc4 b5 9. Qc2 Bb7 10. Bf4 Bd6 11. Nbd2 Nbd7 12. Nb3 Be4 13. Qc1 Qe7 14. Qe3 Rac8 15. Rac1 Ba8 16. Bg5 h6 17. Bxf6 Qxf6 18. Nfd2 Bxg2 19. Kxg2 e5 20. Ne4 Qg6 21. Nbc5 exd4 22. Qxd4 Nxc5 23. Nxc5 Bxc5 1/2-1/2

[Event "Santiago Endesa 13"]
[Site "Santiago de Chile"]
[Date "2008.09.08"]
[Round "7"]
[White "Pinto Pinares, Marcelo"]
[Black "Martinez Guajardo, Eric"]
[Result "1-0"]
[WhiteElo "2202"]
[BlackElo "2041"]
[PlyCount "75"]
[EventDate "2008.08.18"]
[EventType "tourn"]
[EventRounds "9"]
[EventCountry "CHI"]
[SourceTitle "EXT 2012"]
[Source "ChessBase"]
[SourceDate "2011.11.24"]
[SourceVersion "1"]
[SourceVersionDate "2011.11.24"]
[SourceQuality "1"]

1. d4 d5 2. Nf3 Nf6 3. c4 c6 4. Qc2 Na6 5. a3 Bd7 6. Nbd2 Rc8 7. e4 Qa5 8. e5 Ne4 9. Rb1 Bf5 10. b4 Nxd2 11. Qxf5 Nxf3+ 12. Qxf3 Qd8 13. c5 Nc7 14. Bd3 e6 15. 0-0 Qh4 16. Qe3 g6 17. a4 h5 18. b5 Bh6 19. f4 Rg8 20. Rf2 f5 21. b6 axb6 22. cxb6 Na8 23. a5 Rb8 24. Ba3 Bf8 25. Bd6 Bxd6 26. exd6 Qf6 27. Qe5 Rf8 28. Rc1 Kd7 29. g3 Rf7 30. Kf1 Rff8 31. Ke2 Rf7 32. Kd2 Rff8 33. Kc3 Rf7 34. Kb4 Rff8 35. Qxf6 Rxf6 36. Kc5 Rff8 37. Rg1 Rfd8 38. h3 1-0

[Event "Santiago Endesa 13"]
[Site "Santiago de Chile"]
[Date "2008.08.25"]
[Round "3"]
[White "Pinto Pinares, Marcelo"]
[Black "Cuevas Araya, Walter"]
[Result "1-0"]
[WhiteElo "2202"]
[BlackElo "2182"]
[PlyCount "43"]
[EventDate "2008.08.18"]
[EventType "tourn"]
[EventRounds "9"]
[EventCountry "CHI"]
[SourceTitle "EXT 2012"]
[Source "ChessBase"]
[SourceDate "2011.11.24"]
[SourceVersion "1"]
[SourceVersionDate "2011.11.24"]
[SourceQuality "1"]

1. e4 c6 2. d4 d5 3. exd5 cxd5 4. Bd3 Nf6 5. c3 e6 6. Nf3 Nc6 7. Bf4 Be7 8. Nbd2 Qb6 9. Qb1 Bd7 10. 0-0 h6 11. Ne5 Nxe5 12. dxe5 Ng4 13. h3 g5 14. Bg3 Ne3 15. fxe3 Qxe3+ 16. Kh2 Qxd2 17. Rf3 Ba3 18. bxa3 Qxc3 19. Qxb7 Rd8 20. Raf1 g4 21. Rxf7 Qxd3 22. Qb4 1-0

[Event "Santiago Endesa 13"]
[Site "Santiago de Chile"]
[Date "2008.08.18"]
[Round "1"]
[White "Henriquez Villagra, Cristobal"]
[Black "Pinto Pinares, Marcelo"]
[Result "0-1"]
[WhiteElo "2063"]
[BlackElo "2202"]
[PlyCount "64"]
[EventDate "2008.08.18"]
[EventType "tourn"]
[EventRounds "9"]
[EventCountry "CHI"]
[SourceTitle "EXT 2012"]
[Source "ChessBase"]
[SourceDate "2011.11.24"]
[SourceVersion "1"]
[SourceVersionDate "2011.11.24"]
[SourceQuality "1"]

1. e4 c5 2. Nf3 d6 3. d4 cxd4 4. Nxd4 Nf6 5. Nc3 a6 6. Be3 e5 7. Nb3 Be7 8. Be2 Be6 9. f3 Nbd7 10. Qd2 Rc8 11. 0-0-0 h5 12. Kb1 b5 13. Nd5 Bxd5 14. exd5 Nb6 15. Bxb6 Qxb6 16. g4 hxg4 17. fxg4 Ne4 18. Qd3 Nf2 19. Qf5 0-0 20. Bd3 g6 21. Qf3 Nxd1 22. Rxd1 Bg5 23. h4 Bf4 24. h5 Kg7 25. hxg6 fxg6 26. Qe4 Rf6 27. g5 Rf5 28. Rh1 Rh8 29. a3 Rxh1+ 30. Qxh1 Rxg5 31. Qh3 Qg1+ 32. Ka2 Qg4 0-1

[Event "Santiago Endesa 06"]
[Site "Santiago de Chile"]
[Date "2008.06.04"]
[Round "5"]
[White "Pinto Pinares, Marcelo"]
[Black "Jorquera Cahuin, Marcelo Joaquin"]
[Result "0-1"]
[WhiteElo "2200"]
[BlackElo "2310"]
[PlyCount "68"]
[EventDate "2008.05.19"]
[EventType "tourn"]
[EventRounds "9"]
[EventCountry "CHI"]
[SourceTitle "EXT 2012"]
[Source "ChessBase"]
[SourceDate "2011.11.24"]
[SourceVersion "1"]
[SourceVersionDate "2011.11.24"]
[SourceQuality "1"]

1. e4 d5 2. exd5 Nf6 3. d4 Nxd5 4. Nf3 g6 5. Be2 Bg7 6. 0-0 0-0 7. c4 Nb6 8. Nc3 Nc6 9. d5 Ne5 10. Nxe5 Bxe5 11. Bh6 Re8 12. f4 Bh8 13. f5 Bxf5 14. Rxf5 gxf5 15. c5 Bxc3 16. bxc3 Nxd5 17. Qd3 Kh8 18. Rd1 e6 19. c4 Qf6 20. Bd2 Ne7 21. Bf3 Nc6 22. Bc3 e5 23. Rf1 Nd4 24. Bd1 Rad8 25. Kh1 Rg8 26. Qe3 Qe6 27. Re1 Rge8 28. Qc1 Qc6 29. Qb2 f6 30. Qf2 Rg8 31. Rg1 Qe4 32. Ba5 Rd7 33. Ba4 Rdg7 34. Be1 Qd3 0-1

[Event "CHI-chT"]
[Site "Santiago de Chile"]
[Date "2007.12.11"]
[Round "9"]
[White "Ferreira Millavud, Marcelo"]
[Black "Pinto Pinares, Marcelo"]
[Result "0-1"]
[WhiteElo "1851"]
[BlackElo "2200"]
[PlyCount "108"]
[EventDate "2007.10.16"]
[EventType "team-tourn"]
[EventRounds "9"]
[EventCountry "CHI"]
[SourceTitle "EXT 2012"]
[Source "ChessBase"]
[SourceDate "2011.11.24"]
[SourceVersion "1"]
[SourceVersionDate "2011.11.24"]
[SourceQuality "1"]

1. d4 Nf6 2. c4 g6 3. Nc3 Bg7 4. e4 d6 5. f3 e5 6. d5 Nfd7 7. Be3 Bh6 8. Qd2 Bxe3 9. Qxe3 Qf6 10. Nge2 a5 11. g3 Na6 12. Nb5 0-0 13. Bg2 Qe7 14. 0-0 Ndc5 15. f4 f6 16. fxe5 fxe5 17. Rxf8+ Qxf8 18. Qg5 Bd7 19. h4 Qd8 20. Qh6 Qf8 21. Qg5 Qg7 22. Rf1 h6 23. Qe3 Rf8 24. Nc1 Rxf1+ 25. Bxf1 g5 26. hxg5 Qxg5 27. Qxg5+ hxg5 28. Nc3 Nb4 29. Kf2 Kg7 30. Be2 Kf6 31. a3 Nc2 32. Bd1 Nd4 33. b4 axb4 34. axb4 Na6 35. Nd3 b5 36. c5 dxc5 37. bxc5 b4 38. Ne2 Bb5 39. Nb2 Bxe2 40. Bxe2 Nxc5 41. Bf3 Nb5 42. Ke3 Na3 43. Kd2 Ke7 44. Nd3 Nxd3 45. Kxd3 Kd6 46. Bd1 c6 47. dxc6 Kxc6 48. Ba4+ Kc5 49. Bb3 Nb5 50. Bf7 Nd6 51. Bd5 Ne8 52. Bf7 Nf6 53. Be6 Nh5 54. g4 Nf4+ 0-1

[Event "Mayor de Chile op"]
[Site "Santiago de Chile"]
[Date "2005.02.23"]
[Round "10"]
[White "Pinto Pinares, Marcelo"]
[Black "Flores Rios, Mauricio"]
[Result "0-1"]
[WhiteElo "2215"]
[BlackElo "2067"]
[PlyCount "62"]
[EventDate "2005.02.14"]
[EventType "swiss"]
[EventRounds "11"]
[EventCountry "CHI"]
[SourceTitle "EXT 2006"]
[Source "ChessBase"]
[SourceDate "2005.11.24"]
[SourceVersion "1"]
[SourceVersionDate "2005.11.24"]
[SourceQuality "1"]

1. e4 c5 2. Nf3 e6 3. d3 Nc6 4. g3 d5 5. Nbd2 Nf6 6. Bg2 Be7 7. 0-0 Qc7 8. Re1 b6 9. c3 Bb7 10. a3 a5 11. exd5 Nxd5 12. a4 0-0 13. Nc4 Ba6 14. Ng5 Bxg5 15. Bxg5 h6 16. Bd2 Nce7 17. Qf3 Rad8 18. Rad1 Bb7 19. Na3 Bc6 20. Nb5 Qb7 21. Qe2 Nxc3 22. Bxc3 Bxg2 23. Qe5 Nf5 24. g4 Bh1 25. Re4 Qxe4 26. Qxe4 Bxe4 27. gxf5 Bxf5 28. d4 cxd4 29. Rxd4 Rxd4 30. Bxd4 Rb8 31. f4 Bd3 0-1

[Event "Mayor de Chile op"]
[Site "Santiago de Chile"]
[Date "2005.02.22"]
[Round "9"]
[White "Avalos Parra, Joao"]
[Black "Pinto Pinares, Marcelo"]
[Result "1/2-1/2"]
[WhiteElo "2252"]
[BlackElo "2215"]
[PlyCount "75"]
[EventDate "2005.02.14"]
[EventType "swiss"]
[EventRounds "11"]
[EventCountry "CHI"]
[SourceTitle "EXT 2006"]
[Source "ChessBase"]
[SourceDate "2005.11.24"]
[SourceVersion "1"]
[SourceVersionDate "2005.11.24"]
[SourceQuality "1"]

1. d4 Nf6 2. Nf3 g6 3. Nc3 d6 4. e4 Bg7 5. Bd3 0-0 6. h3 Nc6 7. Be3 e5 8. dxe5 dxe5 9. 0-0 Re8 10. Ne2 Nb4 11. Ng3 Nxd3 12. cxd3 b6 13. Qc2 c5 14. Nd2 Nd7 15. Nc4 Nf8 16. f4 exf4 17. Bxf4 Ne6 18. Be3 b5 19. Na3 b4 20. Nc4 Nd4 21. Qd2 Be6 22. Rac1 Qd7 23. Bh6 Bh8 24. Nh5 f5 25. Ng3 Bxc4 26. Rxc4 Be5 27. Bf4 Bxf4 28. Qxf4 fxe4 29. dxe4 Rf8 30. Qe5 Rxf1+ 31. Nxf1 Qf7 32. Qd5 Rf8 33. Nd2 Ne6 34. Nf3 Rd8 35. Qe5 Nd4 36. Rxc5 Nxf3+ 37. gxf3 Qxf3 38. Qe6+ 1/2-1/2

[Event "Mayor de Chile op"]
[Site "Santiago de Chile"]
[Date "2005.02.21"]
[Round "8"]
[White "Pinto Pinares, Marcelo"]
[Black "Diaz Fuenzalida, Juan"]
[Result "1-0"]
[WhiteElo "2215"]
[BlackElo "2107"]
[PlyCount "79"]
[EventDate "2005.02.14"]
[EventType "swiss"]
[EventRounds "11"]
[EventCountry "CHI"]
[SourceTitle "EXT 2006"]
[Source "ChessBase"]
[SourceDate "2005.11.24"]
[SourceVersion "1"]
[SourceVersionDate "2005.11.24"]
[SourceQuality "1"]

1. e4 c5 2. Nf3 d6 3. d4 cxd4 4. Nxd4 Nf6 5. Nc3 a6 6. g3 e6 7. Bg2 Be7 8. 0-0 Qc7 9. f4 Nc6 10. Be3 Bd7 11. Nb3 Na5 12. e5 Nc4 13. exf6 Nxe3 14. Qe2 Nxf1 15. Nd5 Qb8 16. Nxe7 Nxg3 17. hxg3 gxf6 18. Nd5 Qd8 19. f5 e5 20. Qg4 Kf8 21. Qh5 h6 22. Nd2 Bc6 23. Nc4 Rc8 24. Rd1 b5 25. Nce3 Bxd5 26. Bxd5 Rh7 27. Kf2 Qb6 28. c3 a5 29. Kf3 Rg7 30. Qxh6 a4 31. Rd3 e4+ 32. Bxe4 d5 33. Rxd5 a3 34. b4 Rxc3 35. Rc5 Rxc5 36. bxc5 Qxc5 37. g4 Qc3 38. g5 Kg8 39. g6 Rxg6 40. fxg6 1-0

[Event "Maipu Magistral 2nd"]
[Site "Maipu"]
[Date "2003.10.26"]
[Round "1.3"]
[White "Pineda Polanco, Adolfo"]
[Black "Pinto Pinares, Marcelo"]
[Result "0-1"]
[WhiteElo "2297"]
[BlackElo "2231"]
[PlyCount "64"]
[EventDate "2003.10.26"]
[EventType "tourn"]
[EventRounds "11"]
[EventCountry "CHI"]
[EventCategory "2"]
[SourceTitle "CBM 097 Extra"]
[Source "ChessBase"]
[SourceDate "2004.01.13"]
[SourceVersion "1"]
[SourceVersionDate "2004.01.13"]
[SourceQuality "1"]

1. e4 c5 2. Nf3 d6 3. d4 cxd4 4. Nxd4 Nf6 5. Nc3 a6 6. Bg5 e6 7. f4 h6 8. Bh4 Be7 9. Bf2 Qc7 10. Bd3 b5 11. a3 Bb7 12. g4 g5 13. h4 gxf4 14. Rg1 h5 15. g5 Ng4 16. Qf3 Nc6 17. g6 Nxd4 18. gxf7+ Kf8 19. Bxd4 Bxh4+ 20. Kd1 e5 21. Ne2 exd4 22. Nxf4 Rh6 23. Nxh5 Qxf7 24. Nf4 Ne5 25. Qg2 Rf6 26. Ne2 Rg6 27. Qh1 Rxg1+ 28. Qxg1 Nxd3 29. cxd3 Qb3+ 30. Kc1 Rc8+ 31. Kb1 Qxd3+ 32. Ka2 Qc4+ 0-1

[Event "CHI-ch "]
[Site "Santiago de Chile"]
[Date "2002.02.19"]
[Round "9"]
[White "Pinto Pinares, Marcelo"]
[Black "Dobson Aguilar, Luis Francisco"]
[Result "1/2-1/2"]
[WhiteElo "2205"]
[BlackElo "2312"]
[PlyCount "82"]
[EventDate "2002.02.12"]
[EventType "swiss"]
[EventRounds "11"]
[EventCountry "CHI"]
[SourceTitle "CBM 086 Extra"]
[Source "ChessBase"]
[SourceDate "2002.03.14"]
[SourceVersion "1"]
[SourceVersionDate "2002.03.14"]
[SourceQuality "1"]

1. e4 c5 2. Nf3 e6 3. d4 cxd4 4. Nxd4 a6 5. Bd3 Nf6 6. Nc3 Qc7 7. 0-0 b5 8. Qe2 d6 9. f4 Nbd7 10. Kh1 Bb7 11. a3 Be7 12. Bd2 0-0 13. Rae1 Nc5 14. Rf3 d5 15. exd5 Nxd3 16. Qxd3 Nxd5 17. Nxd5 Bxd5 18. Rh3 g6 19. Bc3 Qxf4 20. Nf5 Qxf5 21. Qxf5 exf5 22. Rxe7 Rfe8 23. Rxe8+ Rxe8 24. Rd3 Be4 25. Rd6 Ra8 26. Kg1 Bxc2 27. Kf2 h6 28. Bf6 g5 29. h4 gxh4 30. Bxh4 Kh7 31. Rd8 Ra7 32. Bf6 Be4 33. g3 Rc7 34. Bc3 Rc6 35. Ke3 Kg6 36. Be5 Kh5 37. Rd6 Rxd6 38. Bxd6 Kg4 39. Bc7 Bb7 40. Bd6 h5 41. Bc7 f4+ 1/2-1/2

[Event "CHI-ch "]
[Site "Santiago de Chile"]
[Date "2002.02.15"]
[Round "4"]
[White "Pinto Pinares, Marcelo"]
[Black "Rojas Keim, Luis Alberto"]
[Result "0-1"]
[WhiteElo "2205"]
[BlackElo "2432"]
[PlyCount "92"]
[EventDate "2002.02.12"]
[EventType "swiss"]
[EventRounds "11"]
[EventCountry "CHI"]
[SourceTitle "CBM 086 Extra"]
[Source "ChessBase"]
[SourceDate "2002.03.14"]
[SourceVersion "1"]
[SourceVersionDate "2002.03.14"]
[SourceQuality "1"]

1. d4 Nf6 2. Nf3 g6 3. g3 Bg7 4. Bg2 0-0 5. 0-0 d5 6. c4 dxc4 7. Na3 c3 8. bxc3 c5 9. Ne5 Qa5 10. Qb3 Nbd7 11. Nac4 Qa6 12. a4 Nxe5 13. Nxe5 Qxe2 14. Ba3 Ng4 15. Rae1 Qa6 16. Nxg4 Bxg4 17. Bxb7 Rab8 18. Bxa6 Rxb3 19. Bxc5 Bh3 20. Rxe7 Bxf1 21. Kxf1 Rxc3 22. Rxa7 Rd8 23. Bb6 Bxd4 24. a5 Ra3 25. Bxd4 Rxd4 26. Ra8+ Kg7 27. Be2 Rd2 28. Re8 Ra1+ 29. Kg2 Re1 30. Kf3 Ra2 31. Re5 Kf6 32. Re4 Rxa5 33. g4 g5 34. Rd4 Ra3+ 35. Rd3 Rxd3+ 36. Bxd3 h6 37. Bc4 Rc1 38. Bd5 Rc3+ 39. Kg2 Ke7 40. Ba2 f6 41. Bb1 Kd6 42. f3 Ke5 43. Kg3 Kd4 44. Be4 Ke3 45. Bb7 Rc1 46. h3 Rg1+ 0-1

[Event "ARAIS tt"]
[Site "Santiago de Chile"]
[Date "1994.??.??"]
[Round "?"]
[White "Pinto Pinares, Marcelo"]
[Black "Dominguez, Hernan"]
[Result "0-1"]
[WhiteElo "2245"]
[BlackElo "2380"]
[PlyCount "68"]
[EventDate "1994.??.??"]
[EventType "team-tourn"]
[EventRounds "10"]
[EventCountry "CHI"]
[SourceTitle "EXT 2001"]
[Source "ChessBase"]
[SourceDate "2000.11.22"]
[SourceVersion "1"]
[SourceVersionDate "2000.11.22"]
[SourceQuality "1"]

1. d4 d5 2. c4 c6 3. Nc3 Nf6 4. Nf3 e6 5. Bg5 h6 6. Bh4 Nbd7 7. e3 Be7 8. Qc2 0-0 9. cxd5 exd5 10. Bd3 Re8 11. 0-0-0 Qa5 12. Bf5 Nb6 13. Ne5 c5 14. g4 cxd4 15. exd4 Ne4 16. Bxe4 dxe4 17. Bxe7 Rxe7 18. h4 Be6 19. Kb1 Rc8 20. Qd2 Nc4 21. Nxc4 Bxc4 22. g5 h5 23. a3 Bd3+ 24. Ka1 Rec7 25. Nxe4 Qxd2 26. Nxd2 Rc2 27. Nb1 Be2 28. Rde1 Rd8 29. Nc3 Bf3 30. Rhf1 Rxd4 31. Rc1 Rxc1+ 32. Rxc1 Rxh4 33. Nb5 Rh1 34. Rxh1 Bxh1 0-1

[Event "ARAIS tt"]
[Site "Santiago de Chile"]
[Date "1994.??.??"]
[Round "?"]
[White "Pinto Pinares, Marcelo"]
[Black "Donoso Velasco, Pedro H"]
[Result "1/2-1/2"]
[WhiteElo "2245"]
[BlackElo "2370"]
[PlyCount "54"]
[EventDate "1994.??.??"]
[EventType "team-tourn"]
[EventRounds "10"]
[EventCountry "CHI"]
[SourceTitle "EXT 2001"]
[Source "ChessBase"]
[SourceDate "2000.11.22"]
[SourceVersion "1"]
[SourceVersionDate "2000.11.22"]
[SourceQuality "1"]

1. e4 c6 2. d4 d5 3. exd5 cxd5 4. c4 Nf6 5. Nc3 e6 6. Nf3 Bb4 7. Bg5 h6 8. Bxf6 Qxf6 9. a3 Bxc3+ 10. bxc3 Nc6 11. Bd3 0-0 12. 0-0 dxc4 13. Bxc4 e5 14. dxe5 Nxe5 15. Nxe5 Qxe5 16. Qb3 Qc7 17. Bd5 Rb8 18. Rfe1 b6 19. Qb4 a5 20. Qd4 Bb7 21. c4 Qc5 22. Qxc5 bxc5 23. g3 Bxd5 24. cxd5 Rfd8 25. Red1 Rb3 26. Rac1 Rd6 27. a4 Rb4 1/2-1/2

[Event "ARAIS tt"]
[Site "Santiago de Chile"]
[Date "1994.??.??"]
[Round "?"]
[White "Pinto Pinares, Marcelo"]
[Black "Michel Yunis, Christian D"]
[Result "1/2-1/2"]
[WhiteElo "2245"]
[BlackElo "2340"]
[PlyCount "38"]
[EventDate "1994.??.??"]
[EventType "team-tourn"]
[EventRounds "10"]
[EventCountry "CHI"]
[SourceTitle "EXT 2001"]
[Source "ChessBase"]
[SourceDate "2000.11.22"]
[SourceVersion "1"]
[SourceVersionDate "2000.11.22"]
[SourceQuality "1"]

1. e4 c6 2. d4 d5 3. exd5 cxd5 4. c4 Nf6 5. Nc3 e6 6. Nf3 Nc6 7. cxd5 Nxd5 8. Bc4 Nxc3 9. bxc3 Be7 10. 0-0 0-0 11. Re1 Bf6 12. Bd3 b6 13. h4 Bb7 14. Ng5 g6 15. Qg4 h5 16. Qg3 Ne7 17. Ba3 Bxg5 18. Qxg5 Re8 19. Bb5 Nc6 1/2-1/2

[Event "Santiago ARAIS tt-A"]
[Site "Santiago de Chile"]
[Date "1992.??.??"]
[Round "?"]
[White "Pinto Pinares, Marcelo"]
[Black "Silva Lillo, Sebastian"]
[Result "0-1"]
[WhiteElo "2235"]
[BlackElo "2355"]
[PlyCount "72"]
[EventDate "1992.??.??"]
[EventType "swiss"]
[EventRounds "9"]
[EventCountry "CHI"]
[SourceTitle "EXT 2002"]
[Source "ChessBase"]
[SourceDate "2001.11.25"]
[SourceVersion "1"]
[SourceVersionDate "2001.11.25"]
[SourceQuality "1"]

1. e4 c5 2. Nf3 Nc6 3. d4 cxd4 4. Nxd4 g6 5. c4 Bg7 6. Be3 Nf6 7. Nc3 0-0 8. Be2 d6 9. 0-0 Bd7 10. Rc1 Nxd4 11. Bxd4 Bc6 12. f3 Bh6 13. Rb1 Nh5 14. b4 b6 15. a4 e5 16. Bf2 Nf4 17. Kh1 f5 18. c5 Qg5 19. Bg3 dxc5 20. bxc5 Rad8 21. Bc4+ Kh8 22. Qc2 bxc5 23. Bd5 Bxd5 24. Nxd5 Nxd5 25. exd5 Rxd5 26. f4 Qg4 27. Rb7 Rfd8 28. Qc3 Bg7 29. h3 Qe2 30. Rg1 Qe4 31. Re1 Rd3 32. Qb2 Qd5 33. Rxg7 Kxg7 34. Rxe5 Qd4 35. Re7+ Kf8 36. Qe2 Rxg3 0-1

[Event "Santiago ARAIS tt-A"]
[Site "Santiago de Chile"]
[Date "1992.??.??"]
[Round "?"]
[White "Pinto Pinares, Marcelo"]
[Black "Velasquez Ojeda, Cesar"]
[Result "1-0"]
[WhiteElo "2235"]
[BlackElo "2315"]
[PlyCount "61"]
[EventDate "1992.??.??"]
[EventType "swiss"]
[EventRounds "9"]
[EventCountry "CHI"]
[SourceTitle "EXT 2002"]
[Source "ChessBase"]
[SourceDate "2001.11.25"]
[SourceVersion "1"]
[SourceVersionDate "2001.11.25"]
[SourceQuality "1"]

1. e4 e5 2. Nf3 Nc6 3. Bb5 g6 4. d4 exd4 5. e5 h6 6. 0-0 Bg7 7. c3 dxc3 8. Nxc3 Nge7 9. Re1 0-0 10. Ne4 Nf5 11. Bf4 a6 12. Ba4 b5 13. Bb3 Qe7 14. Bd5 Bb7 15. g4 Nh4 16. Nxh4 Qxh4 17. Nc5 Bc8 18. Rc1 Rb8 19. Bg3 Qe7 20. f4 Rd8 21. Ne4 Bb7 22. f5 gxf5 23. gxf5 Bxe5 24. Qg4+ Kh8 25. Qh5 Bg7 26. Kh1 Qf8 27. Ng5 Ne5 28. Bxe5 Bxe5 29. Nxf7+ Kg8 30. Rg1+ Kh7 31. Qg6# 1-0